Statistiche per Città d'Canada - Quiz con Mappa

Clicka qui per fare il quiz!

Statistiche generali

  • Questo quiz è stato fatto 852 volte
  • Il punteggio medio è 9 su 21

Risposte nella Mappa

Le risposte nella mappa del quiz sottostante sono codificate secondo una scala di colori dal rosso al verde in base alla % di persone che hanno risposto correttamente.
 

Statistiche sulle risposte

Risposta% Corretto
Vancouver
64%
Toronto
63%
Ottawa
62%
Montreal
58%
Quebec City
55%
Calgary
47%
Halifax
43%
Iqaluit
42%
Edmonton
41%
Victoria
41%
Saint John's
40%
Winnipeg
40%
Regina
37%
Thunder Bay
36%
Yellowknife
35%
Whitehorse
34%
Charlottetown
33%
Windsor
33%
Churchill
32%
Sault Ste.
Marie
32%
Fort
McMurray
31%

Distribuzione punteggi

Percentile per numero di risposta

Percentuale di utenti per punteggio

I tuoi punteggi nel tempo

Non hai fatto questo quiz